Catálogo
 En Linea

Reseña de Ruinas y monumentos históricos de Ciudad Trujillo para turistas = Suide of historical ruins and monuments of Trujillo city for turists. (Registro nro. 33714)

Detalles MARC
000 -CABECERA
campo de control de longitud fija 00604nam a2200157 a 4500
001 - NÚMERO DE CONTROL
campo de control 000034223
005 - FECHA Y HORA DE LA ÚLTIMA TRANSACCIÓN
campo de control 20200930070900.0
008 - DATOS DE LONGITUD FIJA--INFORMACIÓN GENERAL
campo de control de longitud fija 110928s1942 dr 000 0 spa d
040 ## - FUENTE DE LA CATALOGACIÓN
Centro catalogador/agencia de origen DO-SdBNP
Lengua de catalogación spa
Centro/agencia transcriptor BNPHU
041 17 - CÓDIGO DE LENGUA
Código de lengua del texto/banda sonora o título independiente spa
Código de lengua original eng
Fuente del código Código de idioma MARC
082 ## - NÚMERO DE LA CLASIFICACIÓN DECIMAL DEWEY
Número de clasificación xxxx
Número de documento/Ítem R432
245 00 - MENCIÓN DE TÍTULO
Título Reseña de Ruinas y monumentos históricos de Ciudad Trujillo para turistas = Suide of historical ruins and monuments of Trujillo city for turists.
246 ## - FORMA VARIANTE DE TÍTULO
Título propio/Titulo breve Suide of historical ruins and monuments of Trujillo city for turists
260 ## - PUBLICACIÓN, DISTRIBUCIÓN, ETC.
Lugar de publicación, distribución, etc. Santo Domingo :
Nombre del editor, distribuidor, etc. [s. n.],
Fecha de publicación, distribución, etc. 1942.
300 ## - DESCRIPCIÓN FÍSICA
Extensión [50 p.] ;
Dimensiones 23 cm.
Existencias
Estado de retiro Estado de pérdida No para préstamo Código de colección Localización permanente Ubicación/localización actual Ubicación en estantería Fecha de adquisición Número de inventario Total de préstamos Signatura topográfica completa Código de barras Fecha visto por última vez Precio válido a partir de Tipo de ítem Koha Nota pública
      Patrimonio Dominicano Patrimonio Dominicano Patrimonio Dominicano Orden iniciada 28.09.2011 LF1   xxxx R432 34223-10 25.06.2020 25.06.2020 Libro y Folleto Colección Patrimonio Dominicano Perteneció a la biblioteca personal de Martínez Boog

Con tecnología Koha